Guess the Olivia Rodrigo Song with No Hints - 3 - Statistics

General Stats
  • This quiz has been taken 199 times
  • The average score is 183 of 261
Answer Stats
% Correct
I
99%
a
95%
you
94%
You
94%
me
93%
the
88%
Do
87%
do
87%
love
87%
and
85%
And
85%
your
84%
on
82%
it
81%
so
81%
want
81%
don't
78%
No
78%
I'm
77%
to
77%
of
75%
hate
73%
in
73%
is
73%
one
73%
did
72%
it's
71%
It's
71%
that
71%
All
70%
all
70%
life
70%
Like
70%
some
70%
back
68%
always
67%
boy
67%
Boy
67%
how
67%
understand
67%
were
67%
forward
66%
step
66%
steps
66%
three
66%
was
65%
am
63%
Am
63%
'Cause
63%
make
63%
Just
62%
mad
61%
ever
60%
but
59%
something
59%
up
59%
wrong
58%
get
57%
until
57%
ask
56%
got
56%
say
56%
way
55%
I'd
53%
this
53%
will
53%
Will
53%
Called
52%
forth
52%
I've
52%
or
52%
phone
52%
Never
51%
today
51%
head
50%
said
50%
Yeah
50%
had
49%
over
49%
still
49%
everything
48%
kind
48%
much
47%
pretty
47%
fucked
46%
cryin'
45%
normally
45%
Somehow
45%
speak
45%
fault
43%
find
43%
fun
43%
give
43%
goin'
43%
lover
43%
maybe
43%
myself
43%
nerve
43%
which
43%
door
42%
doubted
42%
exciting
42%
home
42%
walk
42%
leave
41%
power
41%
send
41%
stuff
40%
struck
39%
coaster
38%
roller
38%
kinda
37%
masochistic
32%
Instead
31%
No matching quizzes found
Score Distribution
Percent of People with Each Score
Percentile by Number Answered
Your Score History
You have not taken this quiz